00850nam a2200181 a 450000100100000000500170001000800410002704000250006808200150009310000340010824500450014226000640018730000300025104900090028195201720029095201890046299900170065100003124020200930062809.0110615s1952 dr c 000 p spa d aDO-SdBNPbspacBNPHU axxxbP438v1 aPérez M., Jesús M.95771110aVoces íntimas /cJesús M. Pérez M. aCiudad Trujillo, República Dominicana :bMontalvo,c1952. a57 p. :bretrs. ;c19 cm. aBNPD 001050718RVaPDbPDcCTd2011-06-15iLF1l0oxxx P438vp31240-10r2020-06-25w2020-06-25y1zPerteneció a la biblioteca personal de Martínez Boog.ZNo se presta 001050718RVaPDbPDcCTd2011-06-29iLF1l0oxxx P438vp31240-20r2020-06-25te.2w2020-06-25y1zPerteneció a la biblioteca personal de Julio Ortega Frier. DedicadoZNo se presta c30732d30732